000 00834nam a2200253 i 4500
001 8392
003 ES-MaACL
005 20230906145440.0
007 t|
008 920615s1991 sp ||||1| spa d
020 _a84-7658-323-0
080 _a86(Goytisolo,J.A.1.06)
100 1 _aRiera, Carme.
_997101
245 1 0 _aHay veneno y jazmín en tu tinta
_b: aproximación a la poesía de J.A. Goytisolo /
_cCarme Riera.
250 _a[1ª ed.].
260 _aBarcelona :
_bAnthropos,
_c1991.
300 _a264 p. ;
_c30 cm.
490 1 _aAutores, textos y temas. Literatura ;
_v13
504 _aBibliogr. p.: 253-261.
600 1 4 _aGoytisolo, José Agustín-
_xCrítica e interpretación.
_959421
830 0 _aAutores, textos y temas. Literatura ;
_v13
_9177410
852 _aES-MaACL
_jL-15768
_bR.119890
999 _c8392
_d8392